000
00345nam a2200169Ia 4500
100
_a
Baweja/Harinder
650
_a
General
942
_c
BK
366
_f
20
654
_a
26-Nov
245
_a
26/11 Mumbai attacked
260
_b
Lotus collection
_c
2009
082
_a
303.625/BAW
_b
BAW
300
_a
216
546
_a
ENGLISH
999
_c
28158
_d
28158